000 00302nam a2200121Ia 4500
008 240731s9999 xx 000 0 und d
022 _a2376-0826
245 0 _aResearch and Policy on Turkey
260 _bRoutledge
856 _uhttps://www.tandfonline.com/loi/rrpt20
942 _2ddc
942 _cTFEJ
999 _c79193
_d79193
945 _a1
_bMadushi Gamage
_c1
_dMadushi Gamage